000 00506nam a2200157 i 4500
001 27226
003 ES-MaACL
007 t|
008 030113s1977 sp ||||1| spa d
100 1 _aArrue, Alberto.
_923390
245 1 4 _aLos Arrue
_b: José, Ricardo, Ramiro : Banco de Bilbao, Bilbao, marzo-abril 1977 /
_cAlberto Arrue.
260 _aBilbao :
_bBanco de Bilbao,
_c1977.
300 _a55 p., 18 lám. :
_bil. ;
_c26 cm.
852 _aES-MaACL
_jL-876
_bR.101786
852 _aES-MaACL
_jL-877
_bR.101708
999 _c27226
_d27226